[Event "Trieste op 25th"]
[Site "Trieste"]
[Date "2023.09.05"]
[Round "6"]
[White "Baenziger, Fabian"]
[Black "Perossa, Nicolas"]
[Result "1/2-1/2"]
[WhiteElo "2433"]
[BlackElo "2265"]
[PlyCount "107"]
[EventDate "2023.09.02"]
[EventType "swiss"]
[EventRounds "9"]
[EventCountry "ITA"]
[SourceTitle "EXT 2024"]
[Source "ChessBase"]
[SourceDate "2023.10.10"]
[SourceVersion "1"]
[SourceVersionDate "2023.10.10"]
[SourceQuality "1"]

1. c4 Nf6 2. Nf3 g6 3. Nc3 Bg7 4. e4 d6 5. d4 0-0 6. Be2 e5 7. 0-0 Nc6 8. d5 Ne7 9. Bg5 h6 10. Be3 Ng4 11. Bd2 f5 12. Nh4 Nf6 13. exf5 Bxf5 14. Nxf5 gxf5 15. f4 e4 16. Be3 a6 17. Kh1 c5 18. dxc6 bxc6 19. Qd2 Qc7 20. Rad1 Rfd8 21. Bd4 Kh7 22. Qe3 Rab8 23. b3 Rf8 24. Qh3 c5 25. Bf2 Rbd8 26. Bh4 Qc8 27. Rg1 Qe6 28. Nd5 Nfxd5 29. cxd5 Qf7 30. g4 Rde8 31. g5 Bd4 32. Rg2 Rg8 33. Bf2 Qf8 34. Bxd4 cxd4 35. Rxd4 Rc8 36. Bc4 Qg7 37. Rd1 Rc5 38. Rdg1 Qf8 39. Qh5 Rg6 40. Qd1 Qg7 41. h4 Qf8 42. Qd2 a5 43. a4 Rg7 44. Qd1 Rg6 45. Rg3 Rc8 46. R1g2 Rc5 47. Kg1 Rc8 48. Kf1 Rc5 49. Kf2 Rc8 50. Kg1 Rc5 51. gxh6 Rxg3 52. Rxg3 Ng6 53. Qh5 Qf6 54. Qg5 1/2-1/2

[Event "SUI-chT"]
[Site "Switzerland"]
[Date "2023.08.26"]
[Round "6.2"]
[White "Baenziger, Fabian"]
[Black "Rohrer, Christophe"]
[Result "1-0"]
[WhiteElo "2409"]
[BlackElo "2283"]
[PlyCount "117"]
[EventDate "2023.04.16"]
[EventType "team-tourn"]
[EventRounds "9"]
[EventCountry "SUI"]
[SourceTitle "EXT 2024"]
[Source "ChessBase"]
[SourceDate "2023.10.10"]
[SourceVersion "1"]
[SourceVersionDate "2023.10.10"]
[SourceQuality "1"]
[WhiteTeam "Luzern"]
[BlackTeam "Trubschachen"]
[WhiteTeamCountry "SUI"]
[BlackTeamCountry "SUI"]

1. d4 Nf6 2. Nf3 d5 3. c4 e6 4. g3 Be7 5. Bg2 0-0 6. 0-0 dxc4 7. Qc2 b5 8. a4 b4 9. Nbd2 Bb7 10. Nxc4 c5 11. dxc5 Be4 12. Qb3 Nc6 13. Be3 Bd5 14. Qd3 Ng4 15. Bf4 Bxc5 16. Rac1 Rc8 17. Ng5 Nf6 18. Bxd5 Qxd5 19. Qxd5 Nxd5 20. Nd6 Bxd6 21. Bxd6 Rfd8 22. Bc5 Nb6 23. Bxb6 axb6 24. Rc4 Nd4 25. Rxb4 Nxe2+ 26. Kg2 Rc6 27. Nf3 Rcd6 28. Ra1 Rc8 29. Ra3 f6 30. Rab3 Ra8 31. Rxb6 Rxb6 32. Rxb6 Rxa4 33. Rxe6 Nc1 34. Rb6 Nd3 35. Rb3 Nc5 36. Rc3 Ne4 37. Rc2 Kf7 38. Rc7+ Kg8 39. Rb7 Rc4 40. Ne1 Rc1 41. Nd3 Rc2 42. Rd7 Nc5 43. Nxc5 Rxc5 44. Rb7 h5 45. h4 Rc2 46. Kf3 Kh7 47. Ke3 Kg6 48. b4 Rb2 49. b5 Kf5 50. b6 g6 51. Rb8 Rb3+ 52. Kd4 Rb2 53. f3 Rb3 54. Kc4 Rb1 55. b7 Rb2 56. Kc5 Rb1 57. Kd6 Rb3 58. Rc8 Rb6+ 59. Kc7 1-0

[Event "SUI-ch Rapid"]
[Site "Biel"]
[Date "2023.07.30"]
[Round "6"]
[White "Baenziger, Fabian"]
[Black "Gaehwiler, Gabriel"]
[Result "1/2-1/2"]
[WhiteElo "2422"]
[BlackElo "2381"]
[PlyCount "143"]
[EventDate "2023.07.30"]
[EventType "swiss (rapid)"]
[EventRounds "9"]
[EventCountry "SUI"]
[SourceTitle "CBM 215 Extra"]
[Source "ChessBase"]
[SourceDate "2023.09.30"]
[SourceVersion "1"]
[SourceVersionDate "2023.09.30"]
[SourceQuality "1"]

1. d4 Nf6 2. c4 e6 3. Nf3 d5 4. g3 Bb4+ 5. Bd2 Be7 6. Bg2 0-0 7. 0-0 c6 8. Qc2 Nbd7 9. Bf4 b6 10. Nbd2 Bb7 11. e4 dxc4 12. Nxc4 c5 13. Rfe1 cxd4 14. Nd6 d3 15. Qxd3 Nc5 16. Qd4 Bxd6 17. Bxd6 Re8 18. Bxc5 bxc5 19. Qxc5 Bxe4 20. Rad1 Qb8 21. Qe5 Qb7 22. Re3 Bd5 23. Nh4 Bxg2 24. Nxg2 Qa6 25. Ra3 Qb6 26. Ne3 Rac8 27. Qa5 Qxb2 28. Rb3 Qe2 29. Re1 Qf3 30. Qxa7 Ra8 31. Qb7 Qxb7 32. Rxb7 Rxa2 33. Nc4 Rf8 34. Ne5 Ra5 35. Kg2 Rd5 36. h4 Rd2 37. Re3 Nd5 38. Ra3 Re2 39. Nd7 Re8 40. Raa7 h6 41. Nc5 Rf8 42. Kf1 Rc2 43. Nxe6 Ne3+ 44. Kg1 Re8 45. Rxf7 Rxe6 46. Rxg7+ Kf8 47. Rgf7+ Kg8 48. Rg7+ Kf8 49. Rh7 Kg8 50. Rag7+ Kf8 51. Rb7 Kg8 52. Rhg7+ Kf8 53. Rgd7 Ng4 54. Rd8+ Re8 55. Rxe8+ Kxe8 56. Rb6 Kf7 57. Rb4 h5 58. Rf4+ Kg6 59. Kg2 Ne3+ 60. Kf3 Nd1 61. Kg2 Ne3+ 62. Kf3 Ng4 63. Kg2 Ra2 64. Rf3 Rb2 65. Rf4 Ra2 66. Rf3 Ra6 67. Rf4 Rf6 68. Rxf6+ Kxf6 69. f3 Ne3+ 70. Kf2 Nf5 71. g4 hxg4 72. fxg4 1/2-1/2

[Event "SUI-ch Blitz"]
[Site "Biel"]
[Date "2023.07.29"]
[Round "9"]
[White "Baenziger, Fabian"]
[Black "Gaehwiler, Gabriel"]
[Result "1-0"]
[WhiteElo "2422"]
[BlackElo "2381"]
[PlyCount "77"]
[EventDate "2023.07.29"]
[EventType "swiss (blitz)"]
[EventRounds "13"]
[EventCountry "SUI"]
[SourceTitle "CBM 215 Extra"]
[Source "ChessBase"]
[SourceDate "2023.09.30"]
[SourceVersion "1"]
[SourceVersionDate "2023.09.30"]
[SourceQuality "1"]

1. d4 Nf6 2. c4 e6 3. Nc3 d5 4. cxd5 exd5 5. Bg5 Be7 6. e3 0-0 7. Bd3 c6 8. Nge2 Ne8 9. Bf4 Nd6 10. Qc2 h6 11. 0-0 a5 12. Rae1 Na6 13. a3 Nc7 14. Ng3 Ne6 15. Be5 Re8 16. Qe2 Ng5 17. Qh5 Bf6 18. f4 Ne6 19. Nge2 Nf8 20. g4 g6 21. Qxh6 Bxg4 22. Ng3 Nh7 23. f5 Qe7 24. fxg6 fxg6 25. Qxg6+ Qg7 26. Qxg7+ Kxg7 27. Bxd6 Ng5 28. Bf4 Nh3+ 29. Kg2 Rh8 30. Bf5 Bxf5 31. Nxf5+ Kg6 32. Bg3 Rae8 33. e4 Ng5 34. e5 Bd8 35. Nd6 Reg8 36. h4 Ne6 37. Nf7 Rh5 38. Nxd8 Nxd8 39. Rf6+ 1-0

[Event "SUI-ch 122nd"]
[Site "Leukerbad"]
[Date "2023.07.18"]
[Round "4"]
[White "Gaehwiler, Gabriel"]
[Black "Baenziger, Fabian"]
[Result "0-1"]
[WhiteElo "2381"]
[BlackElo "2422"]
[PlyCount "92"]
[EventDate "2023.07.15"]
[EventType "tourn"]
[EventRounds "9"]
[EventCountry "SUI"]
[EventCategory "5"]
[SourceTitle "CBM 215 Extra"]
[Source "ChessBase"]
[SourceDate "2023.09.30"]
[SourceVersion "1"]
[SourceVersionDate "2023.09.30"]
[SourceQuality "1"]

1. d4 Nf6 2. Nf3 d5 3. c4 e6 4. g3 Be7 5. Bg2 0-0 6. 0-0 c6 7. Qc2 b6 8. Nbd2 c5 9. b3 Nc6 10. Ba3 Ba6 11. cxd5 Nxd5 12. dxc5 Bxe2 13. Rfe1 Ba6 14. Nc4 Bxc5 15. Bxc5 bxc5 16. Rad1 Rc8 17. h4 h6 18. Nce5 Bb7 19. Qc1 Nce7 20. Qa3 Qc7 21. Rc1 Nb4 22. Qxa7 f6 23. Nc4 Nd3 24. Qb6 Bd5 25. Qxc7 Rxc7 26. Rc3 Nxe1 27. Nxe1 Ra8 28. a4 Rb8 29. Nd2 Bxg2 30. Kxg2 Nd5 31. Rc2 Nb4 32. Rc3 Rd8 33. Ne4 Rd5 34. Nc2 Na6 35. Re3 Kf7 36. Na3 Ke7 37. Nc3 Rd8 38. Nc4 Nb4 39. Nb5 Rcd7 40. Re2 Rd3 41. Rb2 Rd1 42. Nc3 Rc1 43. Ne4 Nd3 44. Ra2 f5 45. Ned2 Nb4 46. Rb2 g5 0-1

[Event "SUI-chT"]
[Site "Switzerland"]
[Date "2023.04.30"]
[Round "2.4"]
[White "Rasch, Holger"]
[Black "Baenziger, Fabian"]
[Result "1/2-1/2"]
[WhiteElo "2246"]
[BlackElo "2409"]
[PlyCount "56"]
[EventDate "2023.04.16"]
[EventType "team-tourn"]
[EventRounds "9"]
[EventCountry "SUI"]
[SourceTitle "EXT 2024"]
[Source "ChessBase"]
[SourceDate "2023.10.10"]
[SourceVersion "1"]
[SourceVersionDate "2023.10.10"]
[SourceQuality "1"]
[WhiteTeam "Nyon"]
[BlackTeam "Luzern"]
[WhiteTeamCountry "SUI"]
[BlackTeamCountry "SUI"]

1. e4 c5 2. c3 Nf6 3. e5 Nd5 4. Nf3 e6 5. d4 cxd4 6. cxd4 d6 7. Nc3 Nxc3 8. bxc3 Qc7 9. Bd2 dxe5 10. Nxe5 Nd7 11. Bb5 Bd6 12. Nc4 Bf4 13. Bxf4 Qxf4 14. Ne5 Qe4+ 15. Kf1 a6 16. Qa4 Qd5 17. Bxd7+ Bxd7 18. Qxd7+ Qxd7 19. Nxd7 Kxd7 20. Ke2 b5 21. a4 Rhb8 22. axb5 axb5 23. Rhb1 Kc6 24. Kd3 f6 25. Re1 Kd5 26. Reb1 Kc6 27. Re1 Kd5 28. Reb1 Kc6 1/2-1/2

[Event "Mitropa Cup"]
[Site "Mali Losinj"]
[Date "2023.04.11"]
[Round "1.1"]
[White "Baenziger, Fabian"]
[Black "Lagarde, Maxime"]
[Result "1/2-1/2"]
[WhiteElo "2409"]
[BlackElo "2579"]
[PlyCount "39"]
[EventDate "2023.04.11"]
[EventType "team-tourn"]
[EventRounds "9"]
[EventCountry "CRO"]
[SourceTitle "CBM 213 Extra"]
[Source "ChessBase"]
[SourceDate "2023.05.31"]
[SourceVersion "1"]
[SourceVersionDate "2023.05.31"]
[SourceQuality "1"]
[WhiteTeam "Switzerland"]
[BlackTeam "France"]
[WhiteTeamCountry "SUI"]
[BlackTeamCountry "FRA"]

1. d4 Nf6 2. c4 e6 3. Nc3 d5 4. Nf3 Be7 5. Bf4 0-0 6. e3 Nbd7 7. a3 c5 8. cxd5 Nxd5 9. Nxd5 exd5 10. dxc5 Nxc5 11. Be5 Bf6 12. Bxf6 Qxf6 13. Qd4 Qe7 14. Rd1 Be6 15. Be2 Rfc8 16. 0-0 Nb3 17. Qa4 Nc5 18. Qd4 Nb3 19. Qa4 Nc5 20. Qd4 1/2-1/2

[Event "AUT-chT 2223"]
[Site "Austria"]
[Date "2023.03.25"]
[Round "7.6"]
[White "Bluebaum, Matthias"]
[Black "Baenziger, Fabian"]
[Result "1-0"]
[WhiteElo "2651"]
[BlackElo "2426"]
[PlyCount "77"]
[EventDate "2022.11.03"]
[EventType "team-tourn"]
[EventRounds "11"]
[EventCountry "AUT"]
[SourceTitle "CBM 213 Extra"]
[Source "ChessBase"]
[SourceDate "2023.05.31"]
[SourceVersion "1"]
[SourceVersionDate "2023.05.31"]
[SourceQuality "1"]
[WhiteTeam "Jenbach"]
[BlackTeam "Hohenems"]
[WhiteTeamCountry "AUT"]
[BlackTeamCountry "AUT"]

1. Nf3 Nf6 2. c4 e6 3. g3 b6 4. Bg2 Bb7 5. d4 Bb4+ 6. Bd2 c5 7. d5 exd5 8. Nh4 Bxd2+ 9. Qxd2 0-0 10. cxd5 b5 11. Nf5 d6 12. Qf4 g6 13. Nxd6 Nxd5 14. Bxd5 Bxd5 15. 0-0 Nc6 16. Nxb5 a6 17. Nc7 Rc8 18. Nxd5 Qxd5 19. Nc3 Qe6 20. Rad1 Rfd8 21. Qe4 Qf6 22. e3 Kg7 23. Kg2 Rb8 24. Rxd8 Rxd8 25. Rd1 Rxd1 26. Nxd1 Qd6 27. Nc3 Nb4 28. b3 Qf6 29. Qc4 Qc6+ 30. Kg1 Qd6 31. Qe2 Qe5 32. Qd2 h5 33. h4 Kh7 34. a3 Nc6 35. Qd3 Qf6 36. Ne4 Qa1+ 37. Kg2 Ne5 38. Qd5 Kg7 39. Nxc5 1-0

[Event "AUT-chT 2223"]
[Site "Austria"]
[Date "2023.03.23"]
[Round "5.5"]
[White "Vachier Lagrave, Maxime"]
[Black "Baenziger, Fabian"]
[Result "1-0"]
[WhiteElo "2736"]
[BlackElo "2426"]
[PlyCount "127"]
[EventDate "2022.11.03"]
[EventType "team-tourn"]
[EventRounds "11"]
[EventCountry "AUT"]
[SourceTitle "CBM 213 Extra"]
[Source "ChessBase"]
[SourceDate "2023.05.31"]
[SourceVersion "1"]
[SourceVersionDate "2023.05.31"]
[SourceQuality "1"]
[WhiteTeam "Linz"]
[BlackTeam "Hohenems"]
[WhiteTeamCountry "AUT"]
[BlackTeamCountry "AUT"]

1. e4 e5 2. Nf3 Nc6 3. Bb5 a6 4. Ba4 Nf6 5. 0-0 Be7 6. Re1 b5 7. Bb3 0-0 8. a4 Bb7 9. d3 d6 10. Bd2 b4 11. c3 Rb8 12. cxb4 Bc8 13. b5 axb5 14. axb5 Rxb5 15. Nc3 Rb8 16. h3 Nb4 17. d4 exd4 18. Nxd4 c5 19. Na2 Nd3 20. Nc6 Qc7 21. Nxb8 Nxe1 22. Bxe1 Qxb8 23. Nc3 Be6 24. Bxe6 fxe6 25. Qe2 Qb7 26. e5 dxe5 27. Qxe5 Kf7 28. Qe2 Ra8 29. Rc1 Rd8 30. Nd1 Qe4 31. Ne3 Bd6 32. g3 Bf8 33. Ba5 Rd7 34. Re1 Be7 35. Bc3 Rd8 36. Qa6 Qa8 37. Qc4 Qe4 38. Ng4 Qxc4 39. Ne5+ Kf8 40. Nxc4 Kf7 41. Ne5+ Kf8 42. Nf3 Nd5 43. Rxe6 Nxc3 44. bxc3 Bf6 45. c4 Rd1+ 46. Re1 Rd3 47. Kg2 Rc3 48. Re4 g6 49. h4 h6 50. g4 g5 51. h5 Kf7 52. Nd2 Bd4 53. Re1 Rc2 54. Ne4 Kg8 55. Nd6 Rxf2+ 56. Kg3 Rf6 57. Re8+ Kh7 58. Nf5 Ra6 59. Kf3 Ra4 60. Re6 Rxc4 61. Rxh6+ Kg8 62. Rg6+ Kh7 63. Nxd4 Rxd4 64. Rxg5 1-0

[Event "EU-ch 23rd"]
[Site "Vrnjacka Banja"]
[Date "2023.03.05"]
[Round "3"]
[White "Baenziger, Fabian"]
[Black "Tudor, Henry Edward"]
[Result "1-0"]
[WhiteElo "2413"]
[BlackElo "2201"]
[PlyCount "85"]
[EventDate "2023.03.03"]
[EventType "swiss"]
[EventRounds "11"]
[EventCountry "SRB"]
[SourceTitle "CBM 213"]
[Source "ChessBase"]
[SourceDate "2023.04.30"]
[SourceVersion "1"]
[SourceVersionDate "2023.04.30"]
[SourceQuality "1"]

1. d4 Nf6 2. c4 e6 3. Nf3 Bb4+ 4. Bd2 a5 5. a3 Bxd2+ 6. Qxd2 b6 7. Nc3 Bb7 8. Qf4 d5 9. Nb5 Na6 10. e3 0-0 11. Be2 dxc4 12. Bxc4 Qe7 13. 0-0 Rfd8 14. Rfd1 c5 15. Rac1 cxd4 16. Nbxd4 Rdc8 17. Ne5 Rc5 18. Nb3 Rc7 19. Bxa6 Rxc1 20. Rxc1 Bxa6 21. Nc6 Qd7 22. Nb8 Qd5 23. Qc7 Kh8 24. Qxb6 Bb7 25. Nc6 Bxc6 26. Qxc6 Qd8 27. h3 h6 28. Nd4 Rb8 29. Qa6 Kh7 30. Qd3+ Kh8 31. Qc2 Qb6 32. b4 axb4 33. axb4 Nd5 34. b5 Qb7 35. Qc5 Ra8 36. Qd6 Kg8 37. Rc6 Ra2 38. Nxe6 Ra1+ 39. Kh2 Ne7 40. Qd8+ Kh7 41. Nf8+ Kh8 42. Ng6+ Kh7 43. Qh8# 1-0